LEADER 01034nam a2200205 4500 001 000000354005 003 CaOOAMICUS 005 20230529112414.0 008 230529s1902 it 000 u ita r 040 $aSeMil$bita 100 1 $aMargani Ortisi, Alfonso.$0(OLS)http://semarc/name/117654 245 10$aPanegirico dei santi martiri Ponziano, Valentino, Flaviano e Quirino / $cdetto nella parrocchiale di Gandino il dì 6 luglio 1902 dal canonico Alfonso Margani Ortisi. 264 1$aModena :$bTip. Pontificia ed Arcivescovile dell'Immacolata Concezione,$c1902. 300 $a32 p. ;$c20 cm 650 4$aGandino - Storia.$0(OLS)http://semarc/subject/30816 850 $aSeMil 852 $aSeMil$W1$xVenegono$y1$m5A IV 5/8$j241029$B245217$CSeMilBibl$Z2$F245217 $81 996 $6245$aPanegirico dei santi martiri Ponziano, Valentino, Flaviano e Quirino / $9(OLS)http://semarc/title/444142 996 $6264$aModena :$bTip. Pontificia ed Arcivescovile dell'Immacolata Concezione$9(OLS)http://semarc/publisher/32420 LEADER 01012nam a2200241 i 4500 001 000000125150 003 CaOOAMICUS 005 20051116000000.0 008 051116s1993 it u000 u ita u 013 $a97849 040 $aSeMil$bita 100 1 $aRiboldi, Mario Ambrogio,$c.$0(OLS)http://semarc/name/22007 245 13$aUn vero Kaló :$b[Zeffirino Jiménez Malla, El Pelé] /$cMario Riboldi. 260 $aMilano :$bLa voce,$c1993. 300 $a182 p. :$bill. ;$c22x25 cm. 500 $acontiene : Bibliografia. - Fondo Card. C.M. Martini. 600 14$aGiménez Malla, Ceferino .$0(OLS)http://semarc/subject/18022 850 $aSeMil 852 $aSeMil$W1$xVenegono$y1$m3H IV 82$j79643$B79643$CSeMilBibl$Z2$F105789 $81 941 1 $a4 961 $aOmaggio: Martini Card. Carlo Maria 996 $6245$aUn vero Kaló :$b[Zeffirino Jiménez Malla, El Pelé]$9(OLS)http://semarc/title/184308 996 $6260$aMilano :$bLa voce$9(OLS)http://semarc/publisher/46409